MARC

LEADER 00000nam0a2200000 4500
001 154457
005 20231031151902.0
035 |a (RuTPU)RU\TPU\book\167538 
090 |a 154457 
100 |a 20090226d1962 m y0rusy50 ca 
101 0 |a rus 
102 |a RU 
105 |a a z 001zy 
200 1 |a Металлография чугуна  |f И. Н. Богачев 
205 |a 2-е изд., доп. и испр. 
210 |a Свердловск  |c Металлургиздат  |d 1962 
215 |a 392 с.  |c ил. 
320 |a Библиогр.: с. 389-390. 
610 1 |a чугун 
610 1 |a металлография 
610 1 |a графитообразование 
610 1 |a отбеливание 
610 1 |a термическая обработка 
610 1 |a графитизация 
610 1 |a механические свойства 
610 1 |a легирование 
675 |a 621.7М13  |v 3 
700 1 |a Богачев  |b И. Н.  |g Иван Николаевич 
801 1 |a RU  |b 63413507  |c 20090226  |g PSBO 
801 2 |a RU  |b 63413507  |c 20090602  |g PSBO 
942 |c BK